Music Quiz

Random Music or Kpop Quiz

Name the BTS song to its lyrics Quiz Stats

Quiz not verified by Sporcle

Challenge
Share
Tweet
Embed
Score 0/10 Timer 15:00
0 Plays Today
Hint Answer % Correct
보고싶다. 이렇게 말하니까 더 보고싶다Spring Day
91.6%
밤새 일했지 everydayDope
75.6%
왜 혼자 사랑하고 혼자서만 이별해I Need U
74.6%
오늘은 절대 죽지 말아 빛은 어둠을 뚫고 나가Not Today
68.8%
그냥 살아도 돼 우린 젊기에Fire
63%
넌 위선자야 왜 자꾸 딴 길을 가래 야 너나 잘해No More Dream
51.4%
존재해줘서 참 감사해War of Hormone
50.2%
지금 지금 링 위를 위를 지배를 하는 신 이름 오를 킹Cypher pt.3 Killer
25.3%
여전히 너에게선 빛이나 여전히 향기 나는 꽃 같아Hold Me Tight
23%
수혈 받기엔 좀 힘들어 몸 속에는 파란 피Ma City
22.8%

You're not logged in!

Compare scores with friends on all Sporcle quizzes.
Join for Free
OR
Log In

You Might Also Like...

Show Comments

Extras

Top Quizzes Today


Score Distribution

Your Account Isn't Verified!

In order to create a playlist on Sporcle, you need to verify the email address you used during registration. Go to your Sporcle Settings to finish the process.

Report this User

Report this user for behavior that violates our Community Guidelines.

Details: